000
00280nam a2200109Ia 4500
008
171211s9999 xx 000 0 und d
245
_a
Audio in Media
245
_c
Stanley R. Alten
260
_c
2010
650
_x
music
856
_u
http://down.ebook777.com/060/9780495572398.pdf
999
_c
348682
_d
348682